000 01779nam a2200229Ia 4500
003 Ost
005 20260507075411.0
008 260507s9999||||xx |||||||||||||| ||und||
040 _cfsecg
041 _aara
082 _a600
100 _aمرعي، عبد الحي عبد الحي
_eمؤلف
245 0 _aمبادئ المحاسبة المالية :
_bدراسة متكاملة /
_c عبد الحي عبد الحي مرعي
260 _aالإسكندرية:
_bدار المطبوعات الجامعية,
_c2008
300 _a666 صفحة؛
_bإيضاحات ؛
_c24 سم
520 _aيضم طبيعة المحاسبة ومجالاتها، الأسس النظرية للمحاسبة المالية، المعادلات المحاسبية الرئيسية، معلومات القوائم المالية وعناصرها، العمليات المحاسبية الرئيسية، إجراءات تسوية الحسابات، الدورة المحاسبية المتكاملة، عمليات النظام في المشروعات التجارية، ورقة العمل لإعداد التقارير المالية، الأوراق التجارية، عمليات النظام المحاسبي في المشروعات الصناعية، في حسابات الأصول النقدية، في الجرد والتسويات الجردية للأصول غير النقدية في المخزون، في الجرد وتسوية الأصول طويلة الأجل، اليوميات والدفاتر المساعدة في تصحيح الأخطاء
653 _aالمالية العامة- المحاسبة
653 _aالمحاسبة
653 _aالمحاسبة التحليلية
700 _aأبوزيد، كمال خليفة
_eمؤلف ثانوي
942 _cكتاب
999 _c44410
_d44410